000
00322nam a2200133Ia 4500
005
20260328101517.0
008
260328s9999||||xx |||||||||||||| ||und||
100
_a
Pinilla, Mauricio
245
0
_a
Cuubismo y Racionalismo /
_c
Mauricio Pinilla
260
_b
Escala
300
_a
16 p.
650
_a
ARQUITECTURA
942
_c
BK
999
_c
9443
_d
9443